00254nam a22001097a 4500020001500000082001400015100003300029245002100062260003800083300000700121650001600128 a8172315481 a297.1 ALI aAli, Mohammad Ali Ibn Zubair aSigns Of Qiyamah aDelhibIslamic Book Servicec2011 a44 aIslam Faith